000 00336nam a22001457a 4500
008 250423b ||||| |||| 00| 0 eng d
020 _a0256025002
041 _aeng
080 _21981
_a33BUT
082 _233BUT
_a33BUT
100 _a22
101 _aBIZNES
245 _aCASE PROBLEMS IN FINANCE
_cJ.KEITH BUTTERS
942 _2udc
_cBK
999 _c60700
_d60700